| 000 | 00709cam a2200241 a 4500 | ||
|---|---|---|---|
| 001 | 4714343 | ||
| 003 | ARRUPE | ||
| 005 | 20140918163905.0 | ||
| 008 | 830520r19831962mau b 000 0 eng | ||
| 010 | _a 83010752 | ||
| 020 | _a0674104153 | ||
| 020 | _a0674104161 (pbk.) | ||
| 040 |
_aDLC _cDLC _dDLC _dOCoLC _dDLC |
||
| 050 | 0 | 0 |
_aU21.2 _b.H851 |
| 100 | 1 |
_aHoward, Michael, _d1922- _911370 |
|
| 245 | 1 | 4 |
_aThe causes of wars and other essays / _cMichael Howard. |
| 260 |
_aLondon : _bUNWIN Paperbacks, _c1983. |
||
| 300 |
_a291 p. ; _c20 cm. |
||
| 504 | _aIncludes bibliographical references. | ||
| 650 | 0 |
_aWar. _96446 |
|
| 906 |
_a7 _bcbc _corignew _d1 _eocip _f19 _gy-gencatlg |
||
| 942 |
_2lcc _cMONOGRAPH |
||
| 999 |
_c120868 _d120868 |
||